<?xml version="1.0" encoding="UTF-8"?>
<record
    xmlns:xsi="http://www.w3.org/2001/XMLSchema-instance"
    xsi:schemaLocation="http://www.loc.gov/MARC21/slim http://www.loc.gov/standards/marcxml/schema/MARC21slim.xsd"
    xmlns="http://www.loc.gov/MARC21/slim">

  <leader>00842cam a22001818i 4500</leader>
  <datafield tag="020" ind1=" " ind2=" ">
    <subfield code="a">9781669011880</subfield>
  </datafield>
  <datafield tag="020" ind1=" " ind2=" ">
    <subfield code="a">9781669011835</subfield>
  </datafield>
  <datafield tag="040" ind1=" " ind2=" ">
    <subfield code="c">DLC</subfield>
  </datafield>
  <datafield tag="082" ind1="0" ind2="0">
    <subfield code="a">394 BAN 2018 A042 Or.</subfield>
  </datafield>
  <datafield tag="100" ind1="1" ind2=" ">
    <subfield code="a">Grant, Kesha,</subfield>
  </datafield>
  <datafield tag="245" ind1="1" ind2="4">
    <subfield code="a">Dynamic development, shifting demographics, changing diets</subfield>
    <subfield code="b">The story of the rapidly evolving food system in Asia and the Pacific and why it is constantly on the move</subfield>
  </datafield>
  <datafield tag="300" ind1=" " ind2=" ">
    <subfield code="a">pages cm</subfield>
  </datafield>
  <datafield tag="490" ind1="0" ind2=" ">
    <subfield code="a">Amazing histories</subfield>
  </datafield>
  <datafield tag="520" ind1=" " ind2=" ">
    <subfield code="a">"How we cook and eat today looks a lot different than it did in the past. From prehistoric kitchens to food preservation and the invention of the refrigerator, the history of food is surprising, unusual, and amazing. Learn more about how people used these innovations to survive and thrive in everyday life"--</subfield>
  </datafield>
  <datafield tag="650" ind1=" " ind2="0">
    <subfield code="a">Food</subfield>
  </datafield>
  <datafield tag="650" ind1=" " ind2="0">
    <subfield code="a">Food habits</subfield>
  </datafield>
  <datafield tag="942" ind1=" " ind2=" ">
    <subfield code="c">AEDBB</subfield>
  </datafield>
  <datafield tag="999" ind1=" " ind2=" ">
    <subfield code="c">20847</subfield>
    <subfield code="d">20847</subfield>
  </datafield>
  <datafield tag="952" ind1=" " ind2=" ">
    <subfield code="0">0</subfield>
    <subfield code="1">0</subfield>
    <subfield code="4">0</subfield>
    <subfield code="6">394_000000000000000_BAN_2018_A042_OR</subfield>
    <subfield code="7">0</subfield>
    <subfield code="9">92419</subfield>
    <subfield code="a">LBA</subfield>
    <subfield code="b">LBA</subfield>
    <subfield code="c">A042</subfield>
    <subfield code="d">2022-12-27</subfield>
    <subfield code="o">394 BAN 2018 A042 Or.</subfield>
    <subfield code="p">a069642</subfield>
    <subfield code="r">2022-12-27</subfield>
    <subfield code="y">AEDBB</subfield>
  </datafield>
  <datafield tag="952" ind1=" " ind2=" ">
    <subfield code="0">0</subfield>
    <subfield code="1">0</subfield>
    <subfield code="4">0</subfield>
    <subfield code="6">394_000000000000000_BAN_2018_A042_OR</subfield>
    <subfield code="7">0</subfield>
    <subfield code="9">92420</subfield>
    <subfield code="a">LBA</subfield>
    <subfield code="b">LBA</subfield>
    <subfield code="c">A042</subfield>
    <subfield code="d">2022-12-27</subfield>
    <subfield code="o">394 BAN 2018 A042 Or.</subfield>
    <subfield code="p">a069702</subfield>
    <subfield code="r">2022-12-27</subfield>
    <subfield code="y">AEDBB</subfield>
  </datafield>
  <datafield tag="952" ind1=" " ind2=" ">
    <subfield code="0">0</subfield>
    <subfield code="1">0</subfield>
    <subfield code="4">0</subfield>
    <subfield code="6">394_000000000000000_BAN_2018_A042_OR</subfield>
    <subfield code="7">0</subfield>
    <subfield code="9">92485</subfield>
    <subfield code="a">LBA</subfield>
    <subfield code="b">LBA</subfield>
    <subfield code="c">A042</subfield>
    <subfield code="d">2023-01-09</subfield>
    <subfield code="o">394 BAN 2018 A042 Or.</subfield>
    <subfield code="p">a071153</subfield>
    <subfield code="r">2023-01-09</subfield>
    <subfield code="w">2023-01-09</subfield>
    <subfield code="y">AEDBB</subfield>
  </datafield>
  <datafield tag="952" ind1=" " ind2=" ">
    <subfield code="0">0</subfield>
    <subfield code="1">0</subfield>
    <subfield code="4">0</subfield>
    <subfield code="6">394_000000000000000_BAN_2018_A042_OR</subfield>
    <subfield code="7">0</subfield>
    <subfield code="9">92655</subfield>
    <subfield code="a">LBA</subfield>
    <subfield code="b">LBA</subfield>
    <subfield code="c">A042</subfield>
    <subfield code="d">2023-01-25</subfield>
    <subfield code="o">394 BAN 2018 A042 Or.</subfield>
    <subfield code="p">A071348</subfield>
    <subfield code="r">2023-01-25</subfield>
    <subfield code="w">2023-01-25</subfield>
    <subfield code="y">AEDBB</subfield>
  </datafield>
  <datafield tag="952" ind1=" " ind2=" ">
    <subfield code="0">0</subfield>
    <subfield code="1">0</subfield>
    <subfield code="4">0</subfield>
    <subfield code="6">394_000000000000000_BAN_2018_A084_OR</subfield>
    <subfield code="7">0</subfield>
    <subfield code="9">93089</subfield>
    <subfield code="a">LBA</subfield>
    <subfield code="b">LBA</subfield>
    <subfield code="c">A084</subfield>
    <subfield code="d">2023-03-01</subfield>
    <subfield code="o">394 BAN 2018 A084 Or.</subfield>
    <subfield code="p">A071759</subfield>
    <subfield code="r">2023-03-01</subfield>
    <subfield code="y">AEDBB</subfield>
  </datafield>
  <datafield tag="952" ind1=" " ind2=" ">
    <subfield code="0">0</subfield>
    <subfield code="1">0</subfield>
    <subfield code="4">0</subfield>
    <subfield code="6">394_000000000000000_BAN_2018_A084_OR</subfield>
    <subfield code="7">0</subfield>
    <subfield code="9">93090</subfield>
    <subfield code="a">LBA</subfield>
    <subfield code="b">LBA</subfield>
    <subfield code="c">A084</subfield>
    <subfield code="d">2023-03-01</subfield>
    <subfield code="o">394 BAN 2018 A084 Or.</subfield>
    <subfield code="p">A071763</subfield>
    <subfield code="r">2023-03-01</subfield>
    <subfield code="y">AEDBB</subfield>
  </datafield>
</record>
